000 00309nam a22001337a 4500
008 181015b xxu||||| |||| 00| 0 eng d
020 _a080539613
041 _aeng
080 _24 ed
_a573
100 _a11
101 _aBIO
245 _aMolecular Biology Of The Gene
_cWatson .h
942 _2udc
_cBK
999 _c49750
_d49750